00506nam a2200193 a 4500001001300000003000900013005001700022008004100039020001000080082001500090100003000105245002500135260004000160300000900200500003500209505001000244650002800254700003000282nice12345678IN_TiNIC20260116012853.0050524s1953 iraa grp 000 0 urd  ac10000a891.4bIAU aIdara-E-Adabiyat-E-Urdu,  aTareekh Adab-E- Urdu aIranbIdara-I-Adabiyat-I-Urduc1953 a160p aincludes index and biblioraphy2 aTyped aUrdu-Literature-history1 aIdara-E-Adabiyat-E-Urdu,